1490 1483 1977 1897 1563 1805 1510 1775 1897 1372 1522 1867 1526 1728 1591 1896 1757 1104 1441 1518 1920 1100 1007 1659 1101 1529 1179 1228 1026 1800 1084 1698 1074 1576 1803 1521 1417 1153 1496 1329 1844 1221 1253 1728 1405 1897 1222 1331 1396 1813 1001 1922 1955 1844 1888 1047 1029 1754 1718 1563 1008 1613 1053 1528 1852 1649 1674 1271 1647 1078 1287 1265 1395 1600 1501 1235 1622 1741 1792 1125 1609 1496 1346 1912 1882 1527 1116 1485 1812 1624 1247 1824 1708 1545 1833 1143 1445 1726 1405 BCNSPRNW ULIB Ver.6.0+V

เปลี่ยนเป็นภาษาไทย

Change to English
 แสดงรายละเอียดบรรณานุกรม
  กลับหน้าหลัก

Brief Record : Get Marc (ISO 2709) : E-mail record : QR code < ปิดหน้าต่าง
LEADER : 00000nam 2200000uu 4500
001    13399127650
003     ULIB
008    210311s2562||||th 000 0 tha d
020 ^  ^a9786160035540
050 ^  ^aนว^bส866จ
100 0  ^aสุริยาทิศ
245 1  ^aจูบนั้นตลอดกาล /^cสุริยาทิศ
250 ^  ^aพิมพ์ครั้งที่ 1.
260 ^  ^aกรุงเทพฯ :^bพิมพ์คำ,^c2562.
300 ^  ^a436 หน้า ;^c21 ซม.
490 0  ^aจุมพิตรัตติกาล
945    ^p300^l0^i007999
999    ^aประนอม เกษจรัล
รายการนี้ยังไม่มีแท็ก
คุณยังไม่ได้ล็อกอิน คุณสามารถมีกิจกรรมร่วมกับเว็บไซต์ได้ แต่ต้องล็อกอินก่อน ::
  ล็อกอิน

รายการสื่อสารสนเทศ

ลำดับที่ ประเภท เลขเรียก/บาร์โค้ด สถานที่ สถานะ
1. นวนิยาย
นวนิยาย
นว ส866จ ฉ.1 
  Barcode: 007999
ห้องสมุดวิทยาเขตสวรรค์ประชารักษ์
►หนังสือทั่วไป
บนชั้น

รายการใกล้เคียง
    ผู้แต่ง [สุริยาทิศ]

BibComment


ยังไม่เคยถูกคอมเมนท์

คอมเมนท์ทรัพยากรรายการนี้
  คอมเมนท์: จูบนั้นตลอดกาล ..


 Copyright 2026. Bcnsprnw @Library